CIM - Rahmenplanung

Gespeichert in:
Bibliographische Detailangaben
1. Verfasser: Venitz, Udo
Format: Buch
Sprache:Deutsch
Veröffentlicht: Berlin Springer 1990
Ausgabe:1. Aufl.
Tags: Tag hinzufügen
Keine Tags, Fügen Sie das erste Tag hinzu!

MARC

LEADER 00000nam a2200000 4500
001 c039605
005 20221215124240.6
041 0 |a ger 
044 |a DE 
245 1 0 |a CIM - Rahmenplanung  |c Udo Venitz 
250 |a 1. Aufl. 
264 1 |a Berlin  |b Springer  |c 1990 
300 |a 265 s. 
100 1 |a Venitz, Udo